El Psiquiàtric de Salt : cent anys d'història / Rosa Maria Gil, Joan Boadas cent anys d'història / Rosa Maria Gil, Joan Boadas
ISBN:
84-505-5891-3
Descripción Física:
186 p. : il., gràfics ; 24 cm
Colección:
Joaquim Botet i Sisó ; 4
Otros Autores:
Boadas i Raset, Joan
MARC
| LEADER | 00000nam a2200000Ia 4500 | ||
|---|---|---|---|
| 001 | 18383 | ||
| 003 | BGR | ||
| 005 | 20260324175236.0 | ||
| 008 | 160829s1987 xx 000 0 cat d | ||
| 020 | |a 84-505-5891-3 | ||
| 080 | |a C-1-540 | ||
| 100 | |a Gil i Tort, Rosa M. |9 22891 | ||
| 245 | |a El Psiquiàtric de Salt : |b cent anys d'història / Rosa Maria Gil, Joan Boadas | ||
| 260 | |a Girona : |b Diputació de Girona : |b Institut d'Assistència Sanitària, |c 1987 | ||
| 300 | |a 186 p. : |b il., gràfics ; |c 24 cm | ||
| 490 | |a Joaquim Botet i Sisó ; 4 | ||
| 590 | |a Bibliografia | ||
| 650 | |a Hospitals psiquiàtrics |x Salt |9 22892 | ||
| 650 | |a Salt |x Història local |9 22893 | ||
| 700 | 1 | |a Boadas i Raset, Joan |9 26651 | |
| 710 | 1 | |a Girona (Catalunya : Província). |b Diputació |9 11479 | |
| 710 | 2 | |a Institut d'Assistència Sanitària (Girona) |9 71089 | |
| 901 | |a Arxiu | ||
| 942 | |n 1 |2 udc |c MON | ||
| 952 | |0 0 |1 0 |4 0 |6 C1540 |7 1 |9 42370 |a Arxiu |b Arxiu |d 2016-12-01 |l 0 |o C-1-540 |p 18383 |r 2016-12-01 00:00:00 |w 2016-12-01 |y ARXIU | ||
| 999 | |c 44848 |d 44848 | ||